00446cam a22001217a 4500008004000000082001600040100001800056245008000074260006300154300001000217650004100227650005600268180718b1997 xxu||||| |||| 00| 0 eng d aZ2x5451 In2 aIndrakant, S. aPublic distribution system: a case study of Andhra Pradeshcby S. Indrakant aNew DelhibIndian Council of Social Science Researchc1997 a105p. aFood supply - India - Andhra Pradesh aPublic distribution system - India - Andhra Pradesh